000 00609nam a22001937a 4500
999 _c172992
_d172992
005 20200302114601.0
010 _aENG-127885
020 _c995.00
_a9780199489916
035 _aEN-111417
037 _bDBAD/PUB
082 _a305.6970954
100 _aMaidul Islam
245 _aIndian Muslim (s) after liberalization/
_cby Maidul Islam
260 _aNew Delhi
_c2019
_bOxford University Press
270 _a2/11 Ground Floor,Ansari Road,Dariyaganj
_e110002
_bNew Delhi
300 _axv;312p.
_b23(hb)
500 _aincludes bibliographical references and index
942 _2ddc
_cEN
_hMAI
_k305.6970954